Corporate social responsibility : (Record no. 28396)
[ view plain ]
| 000 -LEADER | |
|---|---|
| fixed length control field | 01459cam a22003375i 4500 |
| 001 - CONTROL NUMBER | |
| control field | 19287266 |
| 003 - CONTROL NUMBER IDENTIFIER | |
| control field | EG-ScBUE |
| 005 - DATE AND TIME OF LATEST TRANSACTION | |
| control field | 20200322133809.0 |
| 008 - FIXED-LENGTH DATA ELEMENTS--GENERAL INFORMATION | |
| fixed length control field | 160923r20192017enk f bd 001 0 eng d |
| 020 ## - INTERNATIONAL STANDARD BOOK NUMBER | |
| International Standard Book Number | 9781107535398 (pbk.) |
| 040 ## - CATALOGING SOURCE | |
| Original cataloging agency | DLC |
| Language of cataloging | eng |
| Description conventions | rda |
| Transcribing agency | DLC |
| Modifying agency | DLC |
| -- | EG-ScBUE |
| 082 04 - DEWEY DECIMAL CLASSIFICATION NUMBER | |
| Classification number | 658.408 |
| Item number | COR |
| Edition number | 23 |
| 245 00 - TITLE STATEMENT | |
| Title | Corporate social responsibility : |
| Remainder of title | strategy, communication, governance / |
| Statement of responsibility, etc | Andreas Rasche, Copenhagen Business School, Mette Morsing, Copenhagen Business School and Stockholm School of Economics, Jeremy Moon, Copenhagen Business School. |
| 250 ## - EDITION STATEMENT | |
| Edition statement | Fourth printing. |
| 264 #1 - PUBLICATION, DISTRIBUTION, ETC. (IMPRINT) | |
| Place of publication, distribution, etc | Cambridge, United Kingdom ; |
| -- | New York : |
| Name of publisher, distributor, etc | Cambridge University Press, |
| Date of publication, distribution, etc | 2019. |
| 300 ## - PHYSICAL DESCRIPTION | |
| Extent | xxxvii, 529 pages ; |
| Dimensions | 25 cm |
| 336 ## - CONTENT TYPE | |
| Content type term | text |
| Content type code | txt |
| Source | rdacontent |
| 337 ## - MEDIA TYPE | |
| Media type term | unmediated |
| Media type code | n |
| Source | rdamedia |
| 338 ## - CARRIER TYPE | |
| Carrier type term | volume |
| Carrier type code | nc |
| Source | rdacarrier |
| 500 ## - GENERAL NOTE | |
| General note | Includes glossary. |
| 504 ## - BIBLIOGRAPHY, ETC. NOTE | |
| Bibliography, etc | Includes bibliographical references and indexes. |
| 650 #7 - SUBJECT ADDED ENTRY--TOPICAL TERM | |
| Topical term or geographic name as entry element | Social responsibility of business. |
| Source of heading or term | BUEsh |
| 650 #7 - SUBJECT ADDED ENTRY--TOPICAL TERM | |
| Topical term or geographic name as entry element | Corporate governance. |
| Source of heading or term | BUEsh |
| 653 ## - INDEX TERM--UNCONTROLLED | |
| Resource For college | Communication and mass media |
| Arrived date list | March2020 |
| 655 ## - INDEX TERM--GENRE/FORM | |
| Form subdivision | Text book |
| 9 (RLIN) | 33728 |
| 700 1# - ADDED ENTRY--PERSONAL NAME | |
| Personal name | Rasche, Andreas, |
| Relator term | editor. |
| 700 1# - ADDED ENTRY--PERSONAL NAME | |
| Personal name | Morsing, Mette, |
| Relator term | editor. |
| 700 1# - ADDED ENTRY--PERSONAL NAME | |
| Personal name | Moon, Jeremy, |
| Dates associated with a name | 1955- |
| Relator term | editor. |
| 9 (RLIN) | 3948 |
| 856 42 - ELECTRONIC LOCATION AND ACCESS | |
| Materials specified | Online resources |
| Uniform Resource Identifier | <a href="https://www.cambridge.org/eg/academic/subjects/management/business-ethics/corporate-social-responsibility-strategy-communication-governance?format=PB#resources">https://www.cambridge.org/eg/academic/subjects/management/business-ethics/corporate-social-responsibility-strategy-communication-governance?format=PB#resources</a> |
| 942 ## - ADDED ENTRY ELEMENTS (KOHA) | |
| Source of classification or shelving scheme | Dewey Decimal Classification |
| Koha item type | Book - Borrowing |
| Withdrawn status | Lost status | Source of classification or shelving scheme | Damaged status | Not for loan | Collection code | Home library | Current library | Shelving location | Date acquired | Source of acquisition | Total Checkouts | Full call number | Barcode | Date last seen | Price effective from | Koha item type |
|---|---|---|---|---|---|---|---|---|---|---|---|---|---|---|---|---|
| Dewey Decimal Classification | Baccah | Central Library | Central Library | First floor | 22/03/2020 | Purchase | 658.408 COR | 000049136 | 15/07/2025 | 22/03/2020 | NB - Book (Non borrowing) | |||||
| Dewey Decimal Classification | Baccah | Central Library | Central Library | First floor | 22/03/2020 | Purchase | 658.408 COR | 000049137 | 15/07/2025 | 22/03/2020 | NB - Book (Non borrowing) | |||||
| Dewey Decimal Classification | Baccah | Central Library | Central Library | First floor | 22/03/2020 | Purchase | 658.408 COR | 000049138 | 15/07/2025 | 22/03/2020 | Book - Borrowing | |||||
| Dewey Decimal Classification | Baccah | Central Library | Central Library | First floor | 22/03/2020 | Purchase | 658.408 COR | 000049139 | 15/07/2025 | 22/03/2020 | Book - Borrowing | |||||
| Dewey Decimal Classification | Baccah | Central Library | Central Library | First floor | 22/03/2020 | Purchase | 658.408 COR | 000049140 | 15/07/2025 | 22/03/2020 | Book - Borrowing |